Nhân dân tự vệ [ của Việt Nam Cộng Hòa ]
Đã lưu trong:
| 主要作者: | |
|---|---|
| 格式: | 圖書 |
| 語言: | Undetermined |
| 出版: |
Sài Gòn
Học viện Quốc Gia Hành Chánh
1969
|
| 主題: | |
| 標簽: |
添加標簽
沒有標簽, 成為第一個標記此記錄!
|
| Thư viện lưu trữ: | Trung tâm Học liệu Trường Đại học Cần Thơ |
|---|
| LEADER | 00581nam a2200181Ia 4500 | ||
|---|---|---|---|
| 001 | CTU_26399 | ||
| 008 | 210402s9999 xx 000 0 und d | ||
| 082 | |a 343 | ||
| 082 | |b Ch125 | ||
| 100 | |a Phạm Thành Châu | ||
| 245 | 0 | |a Nhân dân tự vệ [ của Việt Nam Cộng Hòa ] | |
| 245 | 0 | |c Phạm Thành Châu | |
| 260 | |a Sài Gòn | ||
| 260 | |b Học viện Quốc Gia Hành Chánh | ||
| 260 | |c 1969 | ||
| 650 | |a civilian-based defense | ||
| 904 | |i Nguyễn Quang Điền, 981013 | ||
| 980 | |a Trung tâm Học liệu Trường Đại học Cần Thơ | ||